| 000 | 00788nam a2200217 i 4500 | ||
|---|---|---|---|
| 001 | 75219 | ||
| 003 | ES-MaACL | ||
| 005 | 20250828090937.0 | ||
| 007 | t| | ||
| 008 | 040923s1951 sp ||||1| spa d | ||
| 100 | 1 |
_aGraef, Richard. _959496 |
|
| 245 | 1 | 0 |
_aVidas para Dios _b: exposición de los consejos evangélicos y de los votos / _cRicardo Gräf ; [traducción del original alemán por Antonio Sancho]. |
| 260 |
_aMadrid : _bSociedad de Educación Atenas, _c[1951] ( _fGráf. Valera) |
||
| 300 |
_a229 p. ; _c20 cm. |
||
| 650 | 4 |
_aConsejos evangélicos. _9172583 |
|
| 650 | 4 |
_aVotos religiosos. _9149843 |
|
| 700 | 1 |
_aSancho Nebot, Antonio, _d1884-1961 _9103048 |
|
| 710 | 2 |
_aSociedad de Educación Atenas _96665 |
|
| 852 |
_aES-MaACL _jD-6320 |
||
| 999 |
_c75219 _d75219 |
||